| 000 | 00958nam a2200241 i 4500 | ||
|---|---|---|---|
| 001 | 184048 | ||
| 003 | ES-MaACL | ||
| 005 | 20231115145517.0 | ||
| 008 | 150225s2014 sp aco |||| |dspa d | ||
| 020 | _a978-84-617-3245-6 | ||
| 080 | _a94(460.185 Peñafiel) | ||
| 100 | 1 |
_aMoral Daza, Juan José. _9156444 |
|
| 245 | 1 | 0 |
_aPeñafiel _b: una historia gráfica / _cJuan José Moral Daza ; edición de Fernando Regueras Grande. |
| 260 |
_aValladolid : _bDomus Pucelae, _c2014. |
||
| 300 |
_a234 p. : _bil., retr., fot. ; _c21 x 24 cm. |
||
| 504 | _aBibliografía: p. 231-232. | ||
| 651 | 4 |
_aPeñafiel- _xHistoria. _9156445 |
|
| 700 | 1 |
_aRegueras Grande, Fernando. _9156140 |
|
| 852 |
_aES-MaACL _jN-6419 _zDedicatoria autógrafa del editor _9191014 _bR.150363 _cDEPO1 _dOlim: N-6419 _hDonación: Fernando Regueras Grande _gDedicatoria autógrafa del editor |
||
| 903 |
_9156140 _aRegueras Grande, Fernando _ednr |
||
| 942 | _2udc | ||
| 999 |
_c184048 _d184048 |
||